[Event "Match 72__120'/40"]
[Site "Zurich"]
[Date "2022.??.??"]
[Round "30"]
[White "Mephisto MM II"]
[Black "CXG Sphinx Legend"]
[Result "0-1"]
[WhiteElo "1815"]
[BlackElo "1816"]
[Annotator "KUT"]
[PlyCount "229"]
[EventDate "2022.??.??"]

{[%evp 0,217,18,23,38,11,49,41,36,36,38,42,46,31,62,69,59,50,57,59,62,33,18,24,19,-31,-43,-40,-42,-56,-51,-66,-67,-76,-82,-94,-104,-77,-92,-109,-86,-128,-59,-61,-27,-28,-28,-37,-21,-24,-31,-51,-33,-59,-38,-50,-45,-35,-28,-45,-28,-45,-44,-35,-32,-37,0,-31,0,-18,-30,-17,-15,-34,-61,-61,-37,-46,-29,-45,-44,-73,-68,-74,-93,-93,-95,-101,-109,-102,-95,-86,-84,-128,-128,-181,-172,-185,-185,-192,-188,-296,-188,-296,-326,-410,-141,-145,-145,-146,-156,-156,-156,-156,-158,-175,-200,-243,-160,-178,-140,-158,-168,-190,-211,-228,-227,-227,-227,-235,-247,-258,-258,-251,-258,-273,-237,-258,-258,-258,-301,-355,-252,-308,-246,-331,-338,-456,-355,-356,-382,-456,-508,-534,-337,-579,-533,-627,-499,-539,-408,-440,-442,-488,-521,-542,-550,-610,-483,-489,-511,-517,-544,-544,-567,-573,-494,-600,-419,-418,-543,-600,-494,-541,-314,-324,-330,-330,-372,-399,-402,-458,-416,-420,-395,-422,-457,-504,-481,-496,-399,-399,-399,-496,-459,-514,-526,-532,-514,-571,-491,-582,-572,-572,-597,-652,-672,-1106,-743,-1271]} 1. Nf3 Nf6 {Match 72: 120'/40+60'/20+30' | Bediener: Rolf Bühler | 30. Partie: Schwarz (CXG) gewinnt | Zwischenstand: 15,5-14,5 (51,6%) für Mephisto MM II | Gegen die Königs-Indische Verteidigung wählt Weiss die Remis verdächtige Abtausch-Variante 7.dxe5. Und dieser Einschätzung werden auch die beiden Programme gerecht. Es entsteht ein Endspiel mit zwei offenen Linien, je 2 Türmen auf beiden Seiten und ungleichfarbigen Läufern. Nach dem Tausch eines Turmpaares kann man am künftigen Remis kaum zweifeln. Das Blatt wendet sich erst, als der Mephisto MM II dem gegnerischen Turm freiwillig das Einbruchsfeld d3 öffnet. Die damit verbundenen Nachteile liessen sich nicht mehr reparieren. So gewinnt die CXG Sphinx Legend die zweite Partie in Folge und rückt dem Gegner mit einer Differenz von noch lediglich einem Punkt gefährlich auf die Pelle.} 2. c4 g6 3. Nc3 d6 4. d4 Bg7 5. e4 O-O 6. Be2 e5 {***ENDE BUCH***} 7. dxe5 dxe5 8. Qxd8 Rxd8 9. Bg5 Nbd7 {Als sicherste Fortsetzung gilt 9...Te8, obwohl der Textzug alles andere als schlecht ist und dem meistens auf Remis ausgehenden Weiss-Spieler das Konzept eher verderben kann.} 10. O-O-O Rf8 11. Ne1 {***ENDE BUCH***} (11. Nd5 {ist die hauptsächlichste Fortsetzung.}) 11... Nc5 {Logisch: Mit dem Doppelangriff auf e4 wird gleichzeitig die Diagonale des Lc8 geöffnet. Auch bleibt später das Manöver ...Se6 nebst ...Sd4 oder ...Sf4 eine gesunde Option.} 12. Bxf6 $6 {Der Mephisto MM II zeigt erneut, dass er überhaupt nicht am Läuferpaar hängt.} (12. f3 Ne6 13. Be3 c5 14. Nd3 b6 15. Rhe1 Nd7 16. Nd5 Bb7 17. Kb1 Nd4 18. Rc1 f5 19. Bd1 {½-½ Andersson,U (2640)-Kaminski,M (2540) Rubinstein Memorial 34th Polanica Zdroj 1997 (7)}) 12... Bxf6 13. Kb1 {Nachdem die Damen bereits verschwunden sind, erweist sich dieser sonst übliche Sicherungszug als reiner Tempoverlust.} (13. h4 $5 {ist eine modern aussehende Fortsetzung.}) 13... Be6 (13... c6 {was den gegnerischen Figuren, vor allem dem Springer, das wichtige Zentralfeld d5 verwehrt, ist eine Fortsetzung, die sich vom Stellungstyp her eigentlich fast aufdrängt.}) 14. Nd3 Nxd3 15. Bxd3 c6 $1 $15 {Also doch noch. Schwarz steht bereits etwas angenehmer.} 16. a4 Rad8 17. Kc2 Rd4 (17... a5 {legt den weissen Damenflügel lahm und verdient deshalb den Vorzug.}) 18. Ne2 Rd7 19. h3 Rfd8 20. f4 {Offenbar will sich Weiss nicht langsam massakrieren lassen und wird gerade noch zur rechten Zeit aktiv. Wenn Schwarz nichts tut, kann g4 folgen.} exf4 21. Nxf4 {Nun muss Schwarz sein starkes Läuferpaar aufgeben.} Be5 22. Nxe6 fxe6 {Die Stellung mit praktisch identischer Bauernstruktur, zwei offenen Linien und ungleichfarbigen Läufer riecht schon gewaltig nach Remis.} 23. b3 Rd4 24. Rhf1 c5 25. g4 {Vor- und Nachteile dieses Vorstosses: Macht den eigenen Läufer schlechter, befinden sich doch nun alle Bauern auf weissen Feldern. Allerdings verträgt die Stellung das im vorliegenden Fall, denn Schwarz kann ja nichts Konkretes tun, um das auszunützen. Und andererseits sind all diese Bauern durch den gegnerischen Läufer unangreifbar.} Kg7 26. h4 a5 27. Rf3 b6 28. g5 {Nun hat der weisse Läufer wieder eine Diagonale (h3-c8) zur Verfügung.} R8d7 29. Rd2 R4d6 30. Rg2 Rd8 31. Rgf2 R6d7 32. Bf1 Rd4 33. Bg2 Kh8 (33... Rxe4 $4 {wäre ein schwerer Fehler} 34. Rf7+ Kg8 35. Bxe4 {und gewinnt}) 34. Rf8+ Rxf8 35. Rxf8+ Kg7 {Durch den Turmtausch ist das statische Gleichgewicht zerstört worden, was die Handlungsfreiheit beider Parteien wie auch die möglichen Fehlerquellen erhöht.} 36. Rf1 Bg3 37. Rh1 e5 38. Bf3 Bf2 39. Rh2 Be1 {Jetzt könnte es nach Te1 Lg3, Th3 bald Remis durch Zugwiederholung werden.[#]} 40. Kc1 $2 {Aber was bastelt da der Mephisto MM II, indem er dem gegnerischen Turm freiwillig das Einbruchsfeld d3 anbietet. Kurzum: Der Textzug macht aus einer gleichen eine schlechte Stellung.} Rd3 41. Bd1 {erzwungen} (41. Rh3 $2 {scheitert an} Bxh4 42. Rxh4 Rxf3 $19 {mit gewonnenem Turmendspiel für Schwarz.}) 41... Re3 {Bauernverlust kann Weiss schon nicht mehr vermeiden.} 42. Bc2 Bg3 $2 {Aber nicht so, wobei unsere Oldies in dieser Stellung natürlich völlig überfordert sind. Eine mögliche Gewinnvariante sieht nach Dragon 3.1 by Komodo Chess 64-bit wie folgt aus:} ({Dragon 3.1 by Komodo Chess 64-bit:} 42... Bc3 43. Rh1 h5 44. gxh6+ Kxh6 45. Rh2 Re1+ 46. Bd1 Rxe4 47. Kc2 Bd4 48. Bf3 Re3 49. Bc6 Rc3+ 50. Kd2 Rxb3 51. Rg2 Rc3 52. Bd5 Ra3 53. Bc6 Be3+ 54. Ke2 Bf4 55. Kf2 Rc3 56. Bd5 Kg7 57. Rg4 Re3 58. Bc6 Kf7 59. Kf1 Kf6 60. Be8 g5 61. hxg5+ Bxg5 62. Kf2 Rc3 63. Bc6 Be3+ 64. Kf3 Bd4+ 65. Ke4 Rxc4 {[%eval -267,46]}) 43. Rd2 $2 {Hier war 43.Th3 zu versuchen.} Bxh4 44. Rd7+ Kf8 45. Rxh7 Bxg5 {Ein weisser Bauer ist weg und es droht fürchterlich ...Th4+ nebst ...Txh7.} 46. Kd1 Rg3 (46... Bf4 {mit Aktivierung des Freibauern auf der g-Linie gewinnt einfacher und systematischer.}) 47. Rd7 Rg1+ 48. Ke2 Rg2+ 49. Kd1 Bf4 50. Bb1 (50. Rb7 $4 {verliert wegen} Rd2+ 51. Ke1 Rxc2 $17) 50... Ke8 51. Rd6 g5 52. Rxb6 {Weiss hat den Bauern zurückerobert, aber ist jetzt mit einer hoffnungslosen Stellung konfrontiert.} Rd2+ (52... g4 {ist der schnellste Gewinnweg}) 53. Ke1 Rb2 54. Bd3 g4 55. Rb8+ Kd7 {Stärker ist 55...Kf7, was dem gegnerischen Turm verbietet, auf den schwarzen Freibauern auf der g-Linie hinzuwirken.} 56. Rb7+ Kc6 57. Rb8 g3 {Es sieht düster aus um Weiss.} 58. Be2 Kc7 59. Ra8 Kb7 60. Rg8 (60. Rxa5 $4 g2 61. Kf2 Rxe2+ 62. Kxe2 g1=Q $19) 60... Rxb3 61. Kf1 Rb1+ 62. Kg2 Rb2 63. Rg7+ Kc6 64. Kf1 Rb4 65. Rg6+ Kc7 66. Rg7+ Kd6 67. Rg6+ Kd7 68. Rg7+ Kd8 69. Rg8+ Ke7 70. Rc8 Kd6 71. Rd8+ Kc7 72. Rg8 Rxa4 {Bereits besitzt Schwarz zwei Mehrbauern. Kann die CXG Sphinx Legend dieses Mal das klar gewonnene Endspiel zum Sieg führen?} 73. Bd3 Ra3 74. Rg7+ Kd6 75. Rg8 a4 {Nun kommt auch noch dieser Freibauer zum Zug nach dem Motto "Viele Hunde sind des Hasen's Tod".} 76. Be2 Re3 77. Bd3 Ke6 78. Bc2 a3 79. Bd1 Rxe4 {Mit jetzt drei Mehrbauern muss die CXG gewinnen. Falls nicht, wird das Gerät im Estrich verstaut! Zu unserer Erleichterung, muss die CXG diese Schmach nicht über sich ergehen lassen. Sie gewinnt, wenn auch umständlich und langatmig.} 80. Ra8 Re3 81. Ra5 Rc3 82. Kg2 (82. Rxc5 Rc1 83. Ke2 a2 $19) 82... Rd3 83. Bg4+ Kd6 84. Ra6+ Kc7 85. Kg1 Kb7 86. Ra5 Bd2 87. Ra4 (87. Rxc5 $4 Be3+ 88. Kg2 Bxc5 $19) 87... Kb6 88. Bf5 Rf3 89. Bb1 Bf4 90. Bh7 Rb3 91. Ra8 Kb7 92. Be4+ Kc7 93. Ra7+ Kd6 94. Ra6+ Ke7 95. Ra5 Rc3 96. Bh7 Kd6 97. Ra6+ Kc7 98. Bf5 Kb7 99. Ra5 Kb6 100. Rb5+ Kc6 101. Ra5 Rb3 102. Ra6+ Kb7 103. Ra5 Kb6 104. Ra8 Rf3 105. Bc8 e4 {Endlich geht es wieder einen Schritt weiter.} 106. Ra6+ Kc7 107. Bh3 Rc3 108. Bg2 e3 109. Kf1 Rc1+ 110. Ke2 Rc2+ 111. Ke1 a2 112. Be4 g2 113. Bxg2 e2 114. Kf2 Bg3+ 115. Kf3 {***AUFGEGEBEN***} 0-1

[Event "Match 72__120'/40"]
[Site "Zurich"]
[Date "2022.??.??"]
[Round "31"]
[White "CXG Sphinx Legend"]
[Black "Mephisto MM II"]
[Result "1/2-1/2"]
[WhiteElo "1816"]
[BlackElo "1815"]
[Annotator "KUT"]
[PlyCount "156"]
[EventDate "2022.??.??"]

1. Nf3 d5 {Match 120'/40+60'/20+30' | Bediener: Rolf Bühler | 31. Partie: remis | Zwischenstand: 16,0-15,0 (51,6%) für Mephisto MM II | Aus einer harmlosen Variante der Réti-Eröffnung wird der Mephisto MM II langsam überspielt. Aber einmal mehr Drama pur, denn die CXG Sphinx Legend vermag seine total überlegene Stellung mit 2 Bauern mehr und drei Freibauern nicht zum Sieg zu führen. Wenn mir als Schachspieler so etwas passieren würde, wären zwei schlaflose Nächte die Folge.} 2. c4 d4 {Die beste Antwort und eine der wenigen Schachstellungen in gesunden Eröffnungen, wo Weiss nach nur zwei Zügen sein Pulver schon verschossen hat und in allen Datenbanken froh sein muss, ein Gewinnscore von 50% zu erreichen. Der ChessBase Eröffnungsreport meiner grossen Datenbank gibt folgende Angaben: Black scores well (53%), Black performs Elo 2489 against an opposition of Elo 2468 (+21), White performs Elo 2475 against an opposition of Elo 2496 (-21), White wins: 498 (=28%), Draws: 664 (=37%), Black wins: 609 (=34%), The drawing quote is Average. (7% quick draws, < 20 Moves), White wins are longer than average (43), Black wins are of average length (40), Draws are shorter than average (37). Es lassen sich kaum starke GM's finden, die mit Schwarz nach 2...d4! kein positives Ergebnis gegen Weiss aufweisen.} 3. e3 {***ENDE BUCH***} c5 {***ENDE BUCH***} (3... Nc6 {gilt in der Theorie als stärker}) 4. d3 {Eine zahme Fortsetzung, die keinen Vorteil verspricht.} Nc6 5. Be2 e5 6. exd4 cxd4 7. O-O Nf6 8. Bg5 Be7 9. Nbd2 O-O 10. Qb3 Ng4 {Schwarz möchte die dunkelfarbigen Läufer tauschen. Eine gute Idee, die aber besser mit 10...Sd7 realisiert werden sollte. Auf g4 steht der Springer nicht gut.} 11. Bxe7 Qxe7 12. h3 {Und schon muss Schwarz ein Tempo verlieren.} Nf6 13. Rfe1 b6 14. Qa4 Bb7 15. Rac1 {Auf dieser geschlossenen Linie hat der weisse Turm keine Perspektiven, Weiss hätte mit 15.a3 versuchen sollen, mit 15.a3 den systematischen Vorstoss b4 vorzubereiten.} a5 {Die falsche Wahl.} (15... Nd7 {verhindert c4-c5 und erst auf 16.a3 kann ...a5 folgen mit schwarzem Vorteil.}) 16. Qb5 $6 {Verpasst 16.c5 mit Öffnung der c-Linie.} (16. c5 bxc5 17. Qb5 a4 18. Qxc5 Qxc5 19. Rxc5 Nd7 20. Rc4 $11) 16... Qc7 $6 {Vergibt den Vorteil, der mit 16...a4 festzuhalten war.} (16... a4 17. c5 (17. b4 $142 $1 axb3 18. Nxb3 Nd7 $15) 17... Ra5 {und nun geht} 18. Qxb6 $6 {nicht wegen} Nd5 $19 {und gewinnt}) 17. c5 {Nun tickt die weisse Uhr wieder richtig.} bxc5 18. Rxc5 Nd7 19. Rcc1 Rab8 20. Qa4 Ba8 21. Qa3 Rfc8 22. Rc2 Qd8 23. Rec1 Bb7 24. Ne4 Ne7 $6 {Danach neigt sich die ausgeglichene Stellung leicht zugunsten von Weiss. Eine [zu] komplizierte Ausgleichsvariante sieht wie folgt aus:} (24... Nb4 25. Rxc8 Bxc8 26. Nd6 Ba6 27. Nd2 Nf8 28. N2e4 Ne6 (28... f5 $2 {wäre ein Riesenfehler} 29. Qb3+ Kh8 30. Nf7+ Kg8 31. Nh6+ Kh8 32. Qg8#) 29. g3 Ng5 30. Rc5 Nxe4 31. Nxe4 f5 32. Nd2 e4 33. Rxf5 e3 34. fxe3 dxe3 35. Qb3+ Kh8 36. Nf3 Nxd3 37. Qc3 Qd6 $11) 25. Nd6 {Nur mit 25.Txc8, s.Variante, war noch ein kleines Plus für Weiss zu haben.} (25. Rxc8 Rxc8 26. Rxc8 Nxc8 27. Nd6 Bxf3 28. Bxf3 Qf8 29. Nxc8 Qxc8 30. g3 $14) 25... Rxc2 26. Rxc2 Bd5 27. b3 Ng6 (27... Nc6 {ist eine verrückte Variante} 28. Nxf7 Kxf7 29. Qd6 Nb6 30. Nxe5+ Nxe5 31. Qxe5 Rc8 32. Rxc8 Nxc8 33. Qf4+ Kg8 34. Qxd4 $11) 28. Qc1 $6 {Dem gegnerischen Springer mit 28.g3 das Feld f4 zu verwehren, war ein Gebot der Stunde.} Nf4 $17 {Schwarz steht nun spürbar besser.} 29. Ne1 Nxe2+ $6 {Vergibt seinen Vorteil bereits wieder.} 30. Rxe2 Qb6 31. Nc4 Qc7 32. Qa3 Ra8 (32... Bxc4 {ist besser} 33. Rc2 Rb4 34. Qc1 $11) 33. Qe7 f6 34. Rc2 {[#]} (34. Nxa5 {ist genauer} Qxa5 35. Qxd7 Bf7 36. Kf1 $14) 34... Qa7 $2 {Schlicht ein schwer zu erkennender taktischer Verlustzug ... sofern Weiss richtig reagiert.} 35. Qd6 $2 {Aber der CXG Sphinx Legend fehlt der notwendige Durchblick.} (35. Nd6 $1 {droht mit Tc8+ zu gewinnen} Rb8 (35... h6 36. Nb5 Qb7 37. Rc7 Qxb5 38. Rxd7 Qxd7 39. Qxd7) 36. Rc8+ Rxc8 37. Nxc8 Qa8 (37... Qc7 38. Qe8+ Nf8 39. Ne7+ Kh8 (39... Qxe7 40. Qxe7) 40. Qxf8+) 38. Qxd7 $18) 35... Bf7 {Jetzt ist die weisse Chance vorbei.} 36. Qc6 Bg6 ({Mit} 36... Nf8 37. Nd6 Be6 38. Nb5 Qa6 39. Qc5 Rb8 40. Nc7 Qb6 $11 {kann Schwarz ausgleichen.}) 37. Nd6 $16 {Nun ist wieder Weiss am Drücker. Und prompt greift Schwarz bös daneben.} Nb6 $2 (37... Rb8 38. Qd5+ Kh8 39. Nb5 Qa8 40. Qxd7 Be8 41. Qd6 Bxb5 42. Rc5 $16 {und obwohl Weiss spürbar besser steht, wäre das im Kampf der beiden Oldies noch gar nicht klar.}) 38. Nb5 $1 {Trifft den Nagel auf den Kopf.} (38. Qb5 $18 {gewinnt ebenfalls}) 38... Qb8 39. Nc7 $1 {Und erneut das Beste.} Ra7 40. Nd5 $1 {Ebenfalls am stärksten.} Nd7 (40... Nxd5 41. Qe6+ Rf7 42. Rc8+ Qxc8 43. Qxc8+ Rf8 44. Qc5 Nf4 45. Qxa5 $18) 41. Ne7+ Kf8 42. Nc8 $1 {Zug um Zug sitzt.} Rb7 43. Qd5 {Noch genauer gewinnen 43.De6 oder 43.Sd6.} a4 {Ein interessanter, aber unzureichender Rettungsversuch.} 44. b4 {Hier war 44.De6 und 44.Da5 einfacher.} a3 45. Qa5 $1 {Droht 46.Dd8+ mit Vernichtung.} Be8 46. b5 Nb6 (46... Rxb5 {verliert rasch nach} 47. Qd8 $1 h6 48. Qe7+ Kg8 49. Qxe8+) 47. Qxa3+ {Bauerngewinn als erste Frucht einer Serie von sehr guten weissen Zügen.} Kg8 48. Ne7+ {Hier gibt es gar zwei noch stärkere Fortsetzungen. Aber man kann ja nur einmal gewinnen und der Textzug vergibt nichts.} (48. Nd6 Ra7 49. Qb3+ Kh8 50. Nxe8 Qxe8 51. Rc6 Qd8 52. Qe6 Nd7 53. b6 $18) (48. Nxb6 Rxb6 49. Qc1 Bd7 50. Rc7 Rd6 51. Qc5 Qb6 52. a4 Qxc5 53. Rxc5 Rb6 54. f4 $18) 48... Kh8 49. Nc6 {Mit der Doppeldrohung Df8 matt und Sxb8 mit Damengewinn. Die Antwort ist deshalb erzwungen.} Bxc6 50. bxc6 Rc7 51. Qd6 $18 {Schwarz wurde vollkommen überspielt.} h6 52. f4 $1 {sehr gut} exf4 53. Qxf4 (53. Nf3 {ist kräftiger}) 53... Nd5 54. Qxd4 {Schon besitzt Weiss zwei Bauern mehr und gesamthaft über drei Freibauern. Dass diese Partie noch Remis wird, kann man sich fast nicht vorstellen.} Ne7 55. Qd6 Qb6+ {[#]} 56. Qc5 $2 {Unfassbar, aber nicht überraschend: Die CXG Sphinx Legend lässt sich den c6-Bauern schnappen, wonach das Endspiel kaum mehr zu gewinnen ist. Dabei war es leicht, den Bauern zu halten, denn nach z.B. 56.Kh2 darf der Bauer gar nicht geschlagen werden.} (56. Kh2 Nxc6 $2 (56... Rxc6 57. Qxe7 $18) 57. d4 $18 {erobert wegen der Fesslung mit dem nächsten Zug d4-d5 eine Figur.}) 56... Rxc6 57. Qxb6 Rxb6 {Die weissen Bauern auf a2 und d3 sind vereinzelt und schwach, da leicht angreifbar. Bei korrektem Spiel sollte Schwarz diese Stellung halten können.} 58. Kf2 Ra6 59. Re2 Nd5 60. d4 Kg8 61. Nf3 Kf7 62. Rb2 Nc3 63. Rc2 Ra3 64. g4 Ke6 65. h4 f5 66. Kg3 fxg4 67. Kxg4 Kd5 {Die schwarzen Figuren sind weitaus aktiver als die des Gegners.} 68. Kf4 Kd6 69. Rg2 Nd5+ 70. Kg3 Nc3 71. Kg4 Nxa2 {Schwarz hat nun gar materiellen Gleichstand erzielen können.} 72. Kf4 Ra7 73. Ke4 Nc3+ 74. Kd3 Nd5 75. Rg6+ Nf6 76. Ne5 Ra3+ 77. Ke2 Kd5 78. Rxg7 Kxd4 {***REMIS ABGEBROCHEN***} 1/2-1/2